| 000 | 00000nam 2200000zi 4500 |
| 001 | 9.943200 |
| 003 | CaOODSP |
| 005 | 20250305161434 |
| 006 | m o d f |
| 007 | cr mn||||||||| |
| 008 | 240913s2024 quc o f000 0 eng d |
| 020 | |a9780660736228 |
| 040 | |aCaOODSP|beng|erda|cCaOODSP |
| 043 | |an-cn--- |
| 086 | 1 |aEm12-120/2024E-PDF |
| 245 | 00|aDiscussion paper : |bAccessible Canada roadmap / |cAccessible Canada Directorate. |
| 264 | 1|a[Gatineau, Quebec] : |bEmployment and Social Development Canada = Emploi et deĢveloppement social Canada, |c2024. |
| 300 | |a1 online resource (16 pages) |
| 336 | |atext|btxt|2rdacontent |
| 337 | |acomputer|bc|2rdamedia |
| 338 | |aonline resource|bcr|2rdacarrier |
| 500 | |aIssued also in French under title: Document de discussion : feuille de route du Canada accessible. |
| 500 | |a"For online engagement." |
| 520 | |a"The draft Roadmap set out in this document proposes over-arching themes, areas for action and accompanying 5-year goals. ESDC is also keen for stakeholders and partners to provide input on how to promote awareness of the Roadmap. Everyone who is involved in removing barriers to Canada should know about it, have access to it and/or apply it in their work"--page 2. |
| 530 | |aIssued also in MP4 format. |
| 650 | 0|aBarrier-free design|zCanada|xPlanning. |
| 650 | 0|aBarrier-free design|xGovernment policy|zCanada. |
| 710 | 1 |aCanada. |bEmployment and Social Development Canada, |eissuing body. |
| 775 | 08|tDocument de discussion : |w(CaOODSP)9.943202 |
| 776 | 0#|tAccessible Canada roadmap.|w(CaOODSP)9.934131 |
| 856 | 40|qPDF|s710 KB|uhttps://publications.gc.ca/collections/collection_2025/edsc-esdc/Em12-120-2024-eng.pdf |
| 856 | 4 |qHTML|sN/A|uhttps://www.canada.ca/en/employment-social-development/programs/accessible-canada/consultation-framework-national-accessibility-action/discussion.html |